| 000 | 00479nam a22001817a 4500 | ||
|---|---|---|---|
| 003 | OSt | ||
| 005 | 20170303134242.0 | ||
| 008 | 170303b xxu||||| |||| 00| 0 eng d | ||
| 020 | _a0080432557 | ||
| 040 | _cDDC. | ||
| 082 | _a531.113MCK 1997. | ||
| 100 |
_aAlexander,McKillop; _911749 |
||
| 245 | _aAdvanced Problems in Organic Reaction Mechanisms. | ||
| 260 |
_aUK, _bPergamon. _c1997. |
||
| 300 |
_axix,153p; _bill; _c26cm. |
||
| 650 |
_aChemistry. _9797 |
||
| 942 |
_2ddc _cO_SHELF |
||
| 999 |
_c5633 _d5633 |
||